LEADER 01436cam0-22004571i-450- 001 990000379100403321 005 20060130164535.0 035 $a000037910 035 $aFED01000037910 035 $a(Aleph)000037910FED01 035 $a000037910 100 $a20020821g19121918km-y0itay50------ba 101 0 $aita 102 $aIT 105 $ay---j---001yy 200 1 $aManuale di fisica, ad uso delle scuole secondarie e superiori$fBernardo Dessau 210 $aMilano$cSocietà Editrice Libraria$d1912-1918 215 $a3 v. (XII, 500; VII, 612; VII, 760 p.)$d26 cm 327 1 $a1.: Meccanica. - 1912$a2.: Acustica, termologia, ottica. - 1915$a3.: Elettrologia. - 1918 610 0 $aMeccanica 610 0 $aArgomenti tecnici e scientifici vari 610 0 $aElettricità 676 $a530 676 $a531 676 $a537 700 1$aDessau,$bBernardo$02855 801 0$aIT$bUNINA$gRICA$2UNIMARC 901 $aBK 912 $a990000379100403321 952 $a04 040-11/1$bOPV CI 0140$fDINCH 952 $a04 040-11/2$bOPV CI 0140$fDINCH 952 $a04 040-11/3$bOPV CI 0140$fDINCH 952 $a04 040-11/1-3$bOPV CI 0140$fDINCH 952 $a07 I-26$fDINSC 952 $a13 N 03 22$b4541$fFINBC 952 $a13 N 03 23$b4543$fFINBC 959 $aDINCH 959 $aDINSC 959 $aFINBC 996 $aManuale di fisica, ad uso delle scuole secondarie e superiori$9135638 997 $aUNINA LEADER 01860nam 22004693 450 001 9910156423003321 005 20240804090256.0 010 $a9781631520365 010 $a1631520369 035 $a(CKB)3710000000986402 035 $a(BIP)055358232 035 $a(VLeBooks)9781631520365 035 $a(MiAaPQ)EBC31579071 035 $a(Au-PeEL)EBL31579071 035 $a(Perlego)4664471 035 $a(OCoLC)966671087 035 $a(EXLCZ)993710000000986402 100 $a20240804d2016 uy 0 101 0 $aeng 135 $aurcnu|||||||| 181 $ctxt$2rdacontent 182 $cc$2rdamedia 183 $acr$2rdacarrier 200 10$aAccidental Soldier $eA Memoir of Service and Sacrifice in the Israel Defense Forces 205 $a1st ed. 210 1$aNew York :$cShe Writes Press,$d2016. 210 4$d©2016. 215 $a1 online resource (1 p.) 311 08$a9781631520358 311 08$a1631520350 330 $aAt age nineteen, Dorit Sasson, a dual American-Israeli citizen, was trying to make the status quo work as a college student-until she realized that if she didn't distance herself from her neurotic, worrywart of a mother, she would become just like her. Accidental Soldier: A Memoir of Service and Sacrifice in the Israel Defense Forces is Sasson's story of how she dropped out of college and volunteered for the Israel Defense Forces in an effort to change her life-and how, in stepping out of her comfort zone and into a war zone, she discovered courage and faith she didn't know she was capable of. 610 $aBiography 610 $aBiography & Autobiography 676 $a355.0092 700 $aSasson$b Dorit$01433871 801 0$bMiAaPQ 801 1$bMiAaPQ 801 2$bMiAaPQ 906 $aBOOK 912 $a9910156423003321 996 $aAccidental Soldier$94187506 997 $aUNINA